[Event "XVIII Orsha IM 2020"]
[Site "Orsha"]
[Date "2020.01.21"]
[Round "5.3"]
[White "Goltseva, Ekaterina"]
[Black "Shkalov, Oleg"]
[Result "1/2-1/2"]
[WhiteElo "2304"]
[BlackElo "2151"]
[Annotator "TA"]
[PlyCount "98"]
[EventDate "2020.01.18"]
[EventType "tourn"]
[EventCountry "BLR"]
[SourceTitle "playchess.com"]
[Source "ChessBase"]
[SourceQuality "1"]

{[%evp 9,98,28,28,20,32,8,43,43,20,-1,24,13,22,0,-1,-36,-45,-99,-93,-87,-62,-62,-4,-35,-18,0,31,22,22,24,16,0,0,0,0,0,0,0,0,0,0,-4,25,19,13,25,16,10,33,0,0,-27,-22,-179,-97,-90,-75,-126,-17,-17,-22,-104,-104,-147,0,0,0,0,0,0,0,0,0,0,0,0,0,0,0,0,0,0,0,0,0,-8,-8,-8,-8,-8,-8]} 1. d4 c5 2. d5 e5 3. e4 d6 4. c4 Be7 5. g3 f5 6. Nc3 {A44: Semi-Benoni} Nf6 7. Bg2 O-O 8. exf5 {White is slightly better.} Bxf5 9. Nge2 Nbd7 10. O-O Qe8 $146 ({Predecessor:} 10... a6 11. h3 Bg6 12. f4 Nh5 {1-0 (29) Drozdovskij,Y (2587)-Woloszyn,P (1831) Warsaw 2008}) 11. f3 Qg6 12. Be3 a6 13. Nc1 ({White should play} 13. Qd2 $15) 13... h5 $17 14. Qd2 e4 15. N1e2 Ne5 (15... exf3 $15 16. Bxf3 Ne5) 16. Nf4 $11 Qh7 17. fxe4 Nxc4 18. Qe2 Nxe3 19. exf5 Nxf1 20. Ng6 Rae8 $1 {With the idea ...Nxg3!} 21. Nxe7+ {[#]} Rxe7 $1 {[%mdl 512]} 22. Qxe7 {[%mdl 64] Double Attack} Re8 23. Qxd6 Ne3 24. Bh3 h4 25. Re1 $132 {[%mdl 2048] White is not keeping still} hxg3 26. Qxg3 Nxf5 27. Rxe8+ Nxe8 28. Qd3 Qg6+ 29. Kf2 (29. Kh1 $5 {[%cal Rh3f5]} Ned6 30. Bxf5 Qxf5 31. Qxf5 Nxf5 32. Kg2 $11) 29... Ned6 30. Ne2 Qf6 31. Ke1 $2 {[#]} (31. Bxf5 $11 Nxf5 32. Qe4) 31... Qe5 (31... Qh4+ $1 $19 32. Kd2 Nc4+ 33. Kc1 Nce3) 32. b3 $17 b5 33. Qf3 (33. Bxf5 $142 Nxf5 34. h3) 33... g6 (33... Nd4 $17 34. Qd3 Kf7) 34. Bxf5 $1 $11 Nxf5 35. Qg4 (35. Qf4 $1 $11 Qxd5 36. Nc3) 35... Kg7 $17 36. h4 {[#]} Qxd5 {[#]} ({Black should try} 36... Nd4 $1 $17 37. d6 Qxd6) 37. Qxg6+ $1 $11 {[%mdl 576] Decoy. The position is equal.} Kxg6 38. Nf4+ Kf6 {( -> ...Qe5+)} 39. Nxd5+ {[%mdl 4096] Endgame KN-KN} Ke5 40. Nc7 Kd6 41. Nxa6 {next h5 is good for White.} Nxh4 42. b4 c4 43. Kd2 Nf5 44. Nc5 Ne7 45. a4 bxa4 46. Nxa4 Nd5 47. Nb2 c3+ 48. Kc2 cxb2 49. Kxb2 Nxb4 {Accuracy: White = 46%, Black = 51%.} 1/2-1/2

[Event "XVIII Orsha IM 2020"]
[Site "Orsha"]
[Date "2020.01.21"]
[Round "5.4"]
[White "Tsaruk, Maksim"]
[Black "Alekseev, Vadim"]
[Result "1/2-1/2"]
[WhiteElo "2316"]
[BlackElo "2354"]
[Annotator "TA"]
[PlyCount "46"]
[EventDate "2020.01.18"]
[EventType "tourn"]
[EventCountry "BLR"]
[SourceTitle "playchess.com"]
[Source "ChessBase"]
[SourceQuality "1"]

{[%evp 21,46,46,50,47,47,38,39,33,45,29,49,33,45,45,64,76,55,31,31,26,15,16,23,20,17,31,35]} 1. e4 e6 2. d4 d5 3. Nd2 dxe4 4. Nxe4 Bd7 5. Nf3 Bc6 6. Bd3 Nd7 7. O-O Ngf6 8. Ng3 Bxf3 9. Qxf3 c6 10. Re1 Be7 11. c3 O-O 12. Bc2 {C10: French with 3 Nc3: Unusual Black 3rd moves and 3...dxe4} Re8 13. h3 $146 ({Predecessor:} 13. h4 Qa5 14. a4 Rad8 15. b4 Qc7 16. a5 Bd6 17. Bb3 Bxg3 18. fxg3 Nd5 19. Ra2 e5 {0-1 (35) Nepomniachtchi,I (2720)-Gelfand,B (2741) Moscow 2010}) 13... a5 14. Nf1 Bf8 15. Bg5 Qb6 16. Rab1 c5 17. Ba4 {Black must now prevent dxc5.} Rec8 18. d5 $36 {[%mdl 2048] White is really pushing.} exd5 19. Bxd7 Nxd7 20. Qxd5 Qc6 21. Ne3 Nb6 22. Qxc6 Rxc6 23. Rbd1 Re8 {Accuracy: White = 60%, Black = 52%.} 1/2-1/2

[Event "XVIII Orsha IM 2020"]
[Site "Orsha"]
[Date "2020.01.21"]
[Round "5.5"]
[White "Markelova, Lubov"]
[Black "Runets, Ivan"]
[Result "1-0"]
[WhiteElo "2200"]
[BlackElo "2304"]
[Annotator "TA"]
[PlyCount "79"]
[EventDate "2020.01.18"]
[EventType "tourn"]
[EventCountry "BLR"]
[SourceTitle "playchess.com"]
[Source "ChessBase"]
[SourceQuality "1"]

{[%evp 19,79,0,4,-16,-8,-4,-4,-21,0,-12,0,-14,0,-1,0,-1,9,0,31,26,27,18,19,14,34,0,0,-55,-50,-49,-37,-39,37,37,38,39,120,118,145,133,148,128,243,112,247,156,202,210,643,626,2019,1954,1521,1500,2098,1876,29983,29984,29984,29985,29984,29985]} 1. Nf3 c5 2. c4 b6 3. Nc3 Bb7 4. g3 g6 5. Bg2 Bg7 6. O-O d6 7. d3 Nf6 8. e4 O-O 9. h3 Nc6 10. Be3 Rc8 11. Nh2 {A30: Symmetrical English: Double Fianchetto and Hedgehog} (11. b3 e5 12. Qd2 Nh5 13. Rab1 Kh8 14. Bh6 f5 15. Bxg7+ Nxg7 16. Qh6 Qd7 17. Nh4 Ne7 18. f4 fxe4 19. dxe4 {1-0 (41) Bacrot,E (2730)-Zhao,X (2579) Cap d'Agde 2013}) 11... Nd7 $146 ({Predecessor:} 11... e6 12. Qd2 Qd7 13. Bg5 Nd4 14. Rab1 b5 15. cxb5 Nxb5 16. Nxb5 Qxb5 17. b3 Rfe8 18. Rfd1 a5 {½-½ (66) Makarov,M (2540)-Ivanov,T (2380) Krasnoyarsk 1998}) 12. f4 Nd4 13. Nf3 {The position is equal.} Nb8 14. Qd2 Nbc6 15. Rae1 a6 16. Ne2 b5 17. b3 Qd7 18. f5 Nxe2+ 19. Rxe2 Ne5 20. Bh6 f6 21. Be3 e6 22. cxb5 axb5 23. d4 (23. Nxe5 $11 fxe5 24. g4) 23... Nxf3+ $1 $15 24. Bxf3 gxf5 25. exf5 e5 (25... Bxf3 $15 26. Rxf3 Qc6) 26. d5 $14 b4 {With the idea ...Ba6.} 27. Rg2 Rce8 (27... Ba6 $14 28. Rff2 Kh8) 28. Be4 $16 Kh8 29. g4 Qf7 30. Kh2 Rg8 {[#]} (30... Ra8 $16 {keeps fighting.}) 31. Rd1 (31. g5 $1 $18 {and White stays clearly on top.}) 31... Bf8 (31... Ra8 $16) 32. Qf2 Be7 33. Qf3 h5 $2 (33... Ra8 34. h4 Ra3) 34. Rdg1 $18 Rg7 35. g5 fxg5 36. Bxg5 Bxg5 37. Rxg5 Rxg5 38. Rxg5 {White mates.} Rg8 39. Rxh5+ Kg7 {[#]} 40. f6+ $1 {[%mdl 512] Accuracy: White = 59%, Black = 29%.} 1-0

[Event "XVIII Orsha IM 2020"]
[Site "Orsha"]
[Date "2020.01.21"]
[Round "6.1"]
[White "Gogolev, Artem"]
[Black "Runets, Ivan"]
[Result "1/2-1/2"]
[WhiteElo "2328"]
[BlackElo "2304"]
[Annotator "TA"]
[PlyCount "126"]
[EventDate "2020.01.18"]
[EventType "tourn"]
[EventCountry "BLR"]
[SourceTitle "playchess.com"]
[Source "ChessBase"]
[SourceQuality "1"]

{[%evp 22,126,27,16,24,20,10,10,14,15,21,23,21,21,29,24,27,16,26,21,30,15,19,15,29,22,33,32,35,32,33,34,34,33,32,27,27,25,27,0,0,0,0,0,0,0,15,18,13,13,13,14,26,18,33,12,12,12,31,6,16,0,7,0,20,17,60,57,221,59,58,60,70,67,132,153,147,150,121,0,0,0,0,0,0,0,0,0,0,0,0,0,0,0,0,0,0,-5102,0,0,0,0,0,0,0,0,0]} 1. Nf3 Nf6 2. c4 e6 3. g3 d5 4. b3 Be7 5. Bb2 O-O 6. Bg2 c5 7. e3 Nc6 8. O-O b6 9. Nc3 Bb7 10. cxd5 Nxd5 11. Nxd5 Qxd5 12. d4 Qf5 {A14: English Opening: 1...e6 with b3 by White} 13. Ne5 Nxe5 $1 14. Bxb7 Rad8 15. Qe2 Qd3 16. Ba6 (16. Rae1 Qxe2 17. Rxe2 Nd3 18. Ba1 cxd4 19. Bxd4 Bf6 20. Bxf6 gxf6 {1-0 (99) So,W (2788)-Dominguez Perez,L (2739) Saint Louis 2017}) 16... Qxe2 17. Bxe2 cxd4 18. Bxd4 Nc6 19. Bc3 {[#]} Bb4 $146 ({Predecessor:} 19... Ba3 20. Rab1 Nb4 21. Bb2 Bxb2 22. Rxb2 Nd3 23. Rc2 Nb4 24. Rb2 Nd3 25. Rc2 {½-½ (25) Ipatov,A (2657)-Mchedlishvili,M (2604) Izmir 2016}) 20. Bxb4 Nxb4 21. a3 Nd5 22. Rac1 Rc8 23. Ba6 Rc7 24. e4 Nc3 25. Rc2 Nb5 26. Rxc7 Nxc7 $14 {[%mdl 4096] Endgame KRB-KRN} 27. Be2 Rd8 28. Rc1 Rd7 29. Bb5 Re7 30. Bc6 e5 31. Rc4 g6 32. f3 Ne6 33. Bd5 Nd4 34. Kf2 Kg7 35. Rc8 Nb5 36. a4 Nc7 37. Ke3 Na6 38. f4 exf4+ 39. gxf4 Rc7 40. Ra8 Nb4 41. Kd4 Kf6 42. Bc4 Rd7+ 43. Ke3 h6 44. e5+ Ke7 $2 (44... Kg7 $1 $14) 45. Rh8 $2 ({White should play} 45. Bb5 $18 Nd5+ 46. Kf3) 45... Nc2+ 46. Kf3 Nd4+ 47. Ke4 Nf5 (47... Nc2 $1 $14) 48. Rh7 $16 Kf8 {[#] White must now prevent ...Kg8.} 49. e6 $1 {[%cal Re6d7]} Nd6+ 50. Kf3 ({White should try} 50. Kd3 $16 Rb7 51. Bd5 (51. Rxh6 Nxc4 52. Kxc4 Kg7 $11)) 50... Re7 $11 51. exf7 {Intending Rh8+ and mate.} Nxc4 52. bxc4 Rxf7 53. Rxh6 {KR-KR} Kg7 54. Rh4 Rc7 55. f5 Rf7 56. Rf4 {Hoping for fxg6.} g5 57. Rd4 {Kg4 is the strong threat.} Rxf5+ 58. Kg4 Ra5 59. Rd5 $2 {[%mdl 8192] [#]} (59. c5 $11) 59... Rxa4 $2 (59... Rxd5 $1 $19 60. cxd5 Kf6) 60. Kxg5 {The position is equal.} Kf7 61. Kf5 Ke7 62. Rd4 Ra5+ 63. Kg6 Ra1 {Accuracy: White = 61%, Black = 59%.} 1/2-1/2

[Event "XVIII Orsha IM 2020"]
[Site "Orsha"]
[Date "2020.01.21"]
[Round "6.2"]
[White "Alekseev, Vadim"]
[Black "Markelova, Lubov"]
[Result "1/2-1/2"]
[WhiteElo "2354"]
[BlackElo "2200"]
[Annotator "TA"]
[PlyCount "17"]
[EventDate "2020.01.18"]
[EventType "tourn"]
[EventCountry "BLR"]
[SourceTitle "playchess.com"]
[Source "ChessBase"]
[SourceQuality "1"]

{[%evp 10,17,2,-3,6,0,0,0,9,-2]} 1. Nf3 d5 2. b3 Nf6 3. Bb2 Bf5 4. e3 e6 5. Be2 h6 6. O-O {The position is equal.} Be7 {A06: Réti Opening:1 Nf3 d5} 7. c4 O-O 8. Nc3 c6 9. h3 $146 (9. d3 Bh7 10. Qc2 a5 11. Rad1 Na6 12. a3 {½-½ (45) Vachier Lagrave,M (2793)-Aronian,L (2797) Caleta 2018}) 1/2-1/2

[Event "XVIII Orsha IM 2020"]
[Site "Orsha"]
[Date "2020.01.21"]
[Round "6.2"]
[White "Alekseev, Vadim"]
[Black "Markelova, Lubov"]
[Result "1-0"]
[WhiteElo "2354"]
[BlackElo "2200"]
[Annotator "TA"]
[PlyCount "47"]
[EventDate "2020.01.18"]
[EventType "tourn"]
[EventCountry "BLR"]
[SourceTitle "playchess.com"]
[Source "ChessBase"]
[SourceQuality "1"]

{[%evp 12,47,40,33,72,66,116,129,121,124,187,183,233,232,276,251,274,297,360,279,740,713,1000,1010,994,960,875,743,1133,1111,1093,1099,996,810,810,792,766,779]} 1. e4 e5 2. Nf3 Nc6 3. Bb5 g6 4. c3 Bg7 5. d4 exd4 6. cxd4 Nge7 7. O-O O-O {C60: Ruy Lopez: Unusual Black 3rd moves and 3...g6} (7... d5 8. Bxc6+ Nxc6 9. exd5 Ne7 10. Nc3 O-O 11. Qb3 h6 12. Bf4 b6 13. Qc4 Bb7 14. Bxc7 Qd7 15. Ne5 Bxe5 16. dxe5 Nxd5 {1-0 (24) Zhigalko,A (2584)-Stevic,H (2615) Belgium 2014}) 8. d5 Nb8 9. d6 cxd6 {White is better.} 10. Qxd6 Nec6 (10... a6 $16 {might work better.}) 11. Nc3 $18 a6 12. Bc4 b5 13. Bg5 $146 ({Predecessor:} 13. Bb3 Qe7 14. Bf4 Bxc3 15. bxc3 {1-0 (23) Rasin,J-Buratti,M San Benedetto 1989}) 13... Qe8 14. Bd5 Bb7 15. e5 h6 $2 {[#]} (15... a5 16. Nxb5 Na6) 16. Bxh6 $1 {[%mdl 512] Qxg6 would kill now.White is clearly winning.} Kh7 (16... Bxh6 17. Qxg6+) 17. Bxg7 Kxg7 18. Qf6+ Kh6 19. Ne4 {[%cal Bc3e4,Be4d6,Bd6b7,Bb7c5][%mdl 32] Black must now prevent Nd6!} Qd8 20. Qf4+ Kg7 21. Nd6 f6 22. Nxb7 fxe5 23. Qe3 Qe7 24. Nc5 {Accuracy: White = 97%, Black = 13%.} 1-0

[Event "XVIII Orsha IM 2020"]
[Site "Orsha"]
[Date "2020.01.21"]
[Round "6.3"]
[White "Shkalov, Oleg"]
[Black "Tsaruk, Maksim"]
[Result "1/2-1/2"]
[WhiteElo "2151"]
[BlackElo "2316"]
[Annotator "TA"]
[PlyCount "120"]
[EventDate "2020.01.18"]
[EventType "tourn"]
[EventCountry "BLR"]
[SourceTitle "playchess.com"]
[Source "ChessBase"]
[SourceQuality "1"]

{[%evp 19,120,0,11,20,10,4,47,0,21,0,-1,-10,13,0,0,0,0,-10,-20,-14,-20,-23,-2,-14,0,-83,-34,-51,-4,-17,10,20,0,0,111,125,141,34,35,37,62,0,50,0,0,-4,224,141,127,118,117,0,0,0,0,0,0,0,14,13,68,22,103,10,222,240,162,14,109,95,108,0,0,0,12835,12836,12843,12843,12845,12845,12847,12847,12848,12848,12850,12849,12850,12850,12850,29990,27997,0,0,0,0,0,0,0,0,0,0,0,0]} 1. c4 e5 2. Nc3 Nf6 3. g3 d5 4. cxd5 Nxd5 5. Bg2 Nb6 6. Nf3 Nc6 7. O-O Be7 8. a3 O-O 9. b4 {[%cal Bb2b4,Bb4b5][%mdl 32]} Be6 10. Rb1 f6 11. b5 {A29: English Opening: Four Knights Variation with 4 g3} Nd4 12. e3 Nf5 (12... Nxf3+ 13. Bxf3 Qc8 14. a4 a5 15. bxa6 Rxa6 16. d4 Rd8 17. Qc2 Bf5 {½-½ (43) Ding,L (2801)-Nakamura,H (2741) Kolkata 2019}) 13. d3 $146 {White is slightly better.} ({Predecessor:} 13. d4 Bc4 14. Re1 exd4 15. Nxd4 Nxd4 16. exd4 Rb8 17. a4 Kh8 18. a5 Nc8 19. Qa4 Qxd4 20. Nd5 Nd6 21. Nxe7 Qd3 22. Bf4 Bxb5 23. Qb4 a6 24. Rbd1 Qc4 25. Bxd6 {1-0 (25) Dubov,D (2660)-Elistratov,S (2417) Sochi 2017}) 13... a6 14. a4 axb5 15. axb5 Qd7 16. Qc2 Rfd8 17. Rd1 Nd6 18. d4 {[#]} e4 $1 {[%cal Re4f3][%mdl 512]} 19. Nd2 $1 (19. Nxe4 Nxe4) 19... f5 20. Nb3 Qe8 21. Nc5 Bf7 22. g4 (22. f3 $11 {keeps the balance.}) 22... fxg4 23. N3xe4 Nxe4 (23... Nxb5 24. Nxb7 Ra2 25. Rb2 $11) 24. Nxe4 Nd5 25. Nc5 Bxc5 26. dxc5 Qe5 (26... Bg6 $11 {remains equal.} 27. Qb3 Qf7 28. Bxd5 Rxd5 29. Qxd5 Qxd5 30. Rxd5 Bxb1) 27. Bb2 $36 {[%mdl 2048] Keeping Black busy.} Qg5 28. Ra1 (28. c6 $1 $16) 28... Rxa1 $14 29. Bxa1 c6 30. b6 (30. Qa4 $14) 30... Re8 31. Qb2 (31. Bd4 $14) 31... h5 $11 32. Rd4 Nxe3 $2 (32... h4 $11) 33. Qd2 {[%mdl 64] Pin} ({But not} 33. fxe3 $2 Qxe3+ 34. Qf2 Qc1+ 35. Bf1 (35. Qf1 $2 Re1 $19) 35... Qxa1 $19) 33... Qxc5 ({Wrong is} 33... Ra8 $2 34. Bc3) 34. fxe3 Qxb6 35. Rb4 (35. Qc3 $16 Qb1+ 36. Bf1) 35... Qxe3+ 36. Qxe3 Rxe3 37. Kf2 Rb3 38. Rd4 Ra3 39. Bb2 Ra8 ({Better is} 39... Rb3 $11 40. Rd8+ Kh7) 40. Kg3 {And now Rd7 would win.} g5 (40... Ra2 $11 41. Rb4 Ra7) 41. Rb4 (41. Bc1 $1 $16) 41... Rf8 $2 (41... Bd5 $11 {and Black is okay.}) 42. Rxb7 $18 Rd8 {intending ...Rd3+.} 43. Bxc6 (43. Be4 $18) 43... Rd3+ (43... Bd5 $1 $11) 44. Kf2 $16 {Threatens to win with Rb8+.} Bd5 45. Bxd5+ (45. Rb8+ $16 Kh7 46. Bd7 Rf3+ 47. Ke1) 45... Rxd5 {[%mdl 4096] Endgame KRB-KR} 46. Ke3 {Black must now prevent Ke4.} Rf5 $2 {[%mdl 8192] [#]} (46... h4 $11) 47. Ke4 $1 $18 {[%cal Re4f5]} Rf4+ 48. Ke5 h4 {[#]} 49. Ke6 $1 g3 50. hxg3 hxg3 51. Be5 Rh4 52. Rb8+ Kh7 53. Kf7 {[%csl Ge5][%cal Rb8h8]} Rf4+ 54. Bxf4 gxf4 {KR-KPP} 55. Rb4 $2 (55. Rg8 {White wants to mate with Rg4.} Kh6 56. Kf6 Kh5 57. Kf5 Kh6 58. Kxf4 g2 59. Rxg2 Kh7 60. Kf5) 55... Kh6 $1 $11 {The position is equal.} 56. Kf6 g2 57. Rxf4 {[%cal Rf4h4]} Kh5 58. Rf5+ Kg4 59. Rg5+ Kf3 60. Rxg2 Kxg2 {Accuracy: White = 45%, Black = 31%.} 1/2-1/2

[Event "XVIII Orsha IM 2020"]
[Site "Orsha"]
[Date "2020.01.21"]
[Round "6.4"]
[White "Novitzkij, Dmitrij"]
[Black "Goltseva, Ekaterina"]
[Result "0-1"]
[WhiteElo "2329"]
[BlackElo "2304"]
[Annotator "TA"]
[PlyCount "110"]
[EventDate "2020.01.18"]
[EventType "tourn"]
[EventCountry "BLR"]
[SourceTitle "playchess.com"]
[Source "ChessBase"]
[SourceQuality "1"]

{[%evp 9,110,-35,4,10,9,6,37,18,72,0,0,0,0,0,-8,0,36,43,30,27,55,31,18,15,16,13,0,0,9,0,5,0,12,0,30,12,31,0,13,0,13,2,27,19,40,21,27,0,0,0,0,0,1,0,0,0,0,-53,0,0,96,113,112,0,57,-33,-37,-47,0,-140,-143,-147,-143,-143,-108,-108,-108,-108,-108,-108,-108,-108,-108,-291,-277,-371,-69,-69,-69,-502,-485,-143,-130,-277,-116,-2295,-1987,-1614,-423,-2568,-2261,-29988,-29989]} 1. e4 e5 2. f4 d5 3. exd5 exf4 4. Nf3 Nf6 5. c4 Bd6 (5... c6 6. d4 cxd5 7. c5 Nc6 8. Bb5 Be7 9. O-O O-O 10. Bxf4 Bg4 11. Nc3 Ne4 12. Qd3 Bf5 13. Qe3 Bf6 14. Bxc6 bxc6 15. Ne5 Bxe5 16. Bxe5 {1-0 (43) Carlsen,M (2837)-Chadaev,N (2580) Astana 2012}) 6. d4 {C36: King's Gambit Accepted: 3 Nf3 d5} O-O 7. Be2 b6 8. Ne5 {White is slightly better.} Bb4+ $146 (8... c5 $11) ({Predecessor:} 8... c5 9. dxc6 Qc7 10. Bxf4 Nxc6 11. Nc3 a6 12. Nxc6 Qxc6 13. Bxd6 Qxd6 14. O-O Bb7 15. d5 Rae8 16. Qd2 Ne4 17. Nxe4 Rxe4 18. Bd3 Rh4 19. g3 Rd4 20. Bxh7+ {1-0 (20) Sanchez,C (1294)-Alexander,A (1049) IECC email 2000}) 9. Nc3 (9. Bd2 $16 Ne4 10. O-O (10. Bxb4 $2 Qh4+ 11. g3 fxg3 $19) 10... Nxd2 11. Nxd2) 9... Ne4 $11 10. O-O Nxc3 11. bxc3 Bxc3 12. Rb1 c5 (12... Bf5 $5 {[%cal Rf5b1]} 13. Bb2 Bxb1 14. Bxc3 Bg6 $15) 13. Nf3 ({But not} 13. Rxf4 Bxd4+ 14. Rxd4 cxd4 $17) 13... Qf6 {[%cal Rc5d4]} 14. dxc5 $1 bxc5 15. Rb3 Bg4 16. Qc2 Bxf3 17. Bxf3 Bd4+ 18. Kh1 {Threatens to win with d6!} Nd7 19. Be4 g6 20. Rxf4 Qe5 21. Rf1 Nf6 22. Bf3 Rab8 23. Bd2 Rfe8 24. g3 Qe7 25. Bf4 Be5 26. Re1 Qd6 27. Rxb8 Qxb8 28. Bd2 h5 29. Qb3 Qc8 30. Kg2 $36 {[%mdl 2048] White has some pressure.} Qd7 31. Qa3 Bd4 32. Rxe8+ Nxe8 33. Qa6 (33. Qd3 $11) 33... Nd6 (33... Qf5 $15 34. Qa4 (34. Qxa7 $2 Qc2 $19) 34... Nf6) 34. Bf4 Nf5 (34... Qf5 $11 35. Qxd6 Qc2+ 36. Kh3 Qf5+ 37. g4 Qd3) 35. Qc6 $1 $16 {[%cal Rc6d7]} Qd8 36. h4 (36. d6 $16 g5 37. Qc7 $1 {[%mdl 512]}) 36... Ne3+ (36... Qe7 $11) 37. Kh3 (37. Bxe3 $1 $14 Bxe3 38. d6) 37... Nxc4 $15 38. d6 Be5 39. Qc7 (39. Bd5 $11 {keeps the balance.} Bxf4 40. d7) 39... Qxd6 $1 $17 40. Qxd6 Bxd6 {[%mdl 4096] Endgame KBB-KBN} 41. Bd5 Nb6 {aiming for ...Bxf4.} 42. Bxd6 {Black must now prevent Bc6.} Nxd5 43. Bxc5 {KB-KN} a6 $1 44. g4 f6 45. Kg3 Kf7 46. Kf3 $2 (46. Bd4 $17 {was worth a try.}) 46... Ke6 $1 $19 47. Bd4 f5 $2 (47... Nb4 $1 $19 48. gxh5 gxh5) 48. gxh5 $15 gxh5 49. Bh8 $2 {[%mdl 8192] [#]} ({Better is} 49. a3 $15) 49... Ne7 $1 $19 {[%cal Re7g6]} 50. Bc3 Ng6 51. Be1 {[#]} Kd5 (51... Ke5 $1 $19 {...f4 is the strong threat.} 52. Bc3+ Kd5) 52. Ke3 $2 {[%mdl 8192]} (52. Bg3 $17) 52... f4+ 53. Kd3 Ne5+ (53... Ke5 $142 54. a4 Kf5) 54. Kc3 (54. Ke2 $142) 54... Ke4 55. Kb4 Nd3+ {[%mdl 64] Double Attack. Accuracy: White = 34%, Black = 48%.} 0-1

[Event "XVIII Orsha IM 2020"]
[Site "Orsha"]
[Date "2020.01.21"]
[Round "6.5"]
[White "Kononenko, Dmitry"]
[Black "Makoveev, Ilya"]
[Result "1-0"]
[WhiteElo "2321"]
[BlackElo "2277"]
[Annotator "ChessBase"]
[PlyCount "79"]
[EventDate "2020.01.18"]
[EventType "tourn"]
[EventCountry "BLR"]
[SourceTitle "playchess.com"]
[Source "ChessBase"]
[SourceQuality "1"]
[TimeControl "5400+30"]

1. Nf3 {[%emt 0:00:00]} c5 {[%emt 0:00:20]} 2. c4 {[%emt 0:00:04]} b6 {[%emt 0:00:29]} 3. Nc3 {[%emt 0:07:28]} Bb7 {[%emt 0:00:21]} 4. g3 {[%emt 0:01:19]} g6 {[%emt 0:00:16]} 5. Bg2 {[%emt 0:00:31]} Bg7 {[%emt 0:00:06]} 6. O-O {[%emt 0:00:25]} d6 {[%emt 0:00:31]} 7. d3 {[%emt 0:07:01]} Nf6 {[%emt 0:00:23]} 8. e4 {[%emt 0:00:30]} O-O {[%emt 0:03:04]} 9. h3 {[%emt 0:00:50]} Nc6 {[%emt 0:00:29]} 10. Be3 {[%emt 0:00:38]} Rc8 {[%emt 0:00:59]} 11. Nh2 {[%emt 0:04:36]} Nd7 {[%emt 0:07:52]} 12. f4 {[%emt 0:08:02]} Nd4 {[%emt 0:02:57]} 13. Nf3 {[%emt 0:01:18]} Nb8 {[%emt 0:04:49]} 14. Qd2 {[%emt 0:04:43]} Nbc6 {[%emt 0:01:28]} 15. Rae1 {[%emt 0:01:40]} a6 {[%emt 0:04:35]} 16. Ne2 {[%emt 0:06:19]} b5 {[%emt 0:05:54]} 17. b3 {[%emt 0:01:02]} Qd7 {[%emt 0:03:26]} 18. f5 {[%emt 0:07:31]} Nxe2+ {[%emt 0:13:40]} 19. Rxe2 {[%emt 0:00:58]} Ne5 {[%emt 0:02:09]} 20. Bh6 {[%emt 0:07:47]} f6 {[%emt 0:03:02]} 21. Be3 {[%emt 0:09:35]} e6 {[%emt 0:07:37]} 22. cxb5 {[%emt 0:10:42]} axb5 {[%emt 0:00:34]} 23. d4 {[%emt 0:00:15]} Nxf3+ {[%emt 0:08:19]} 24. Bxf3 {[%emt 0:00:05]} gxf5 {[%emt 0:00:21]} 25. exf5 {[%emt 0:02:26]} e5 {[%emt 0:00:33]} 26. d5 {[%emt 0:06:16]} b4 {[%emt 0:04:43]} 27. Rg2 {[%emt 0:02:00]} Rce8 {[%emt 0:10:02]} 28. Be4 {[%emt 0:00:38]} Kh8 {[%emt 0:04:21]} 29. g4 {[%emt 0:00:09]} Qf7 {[%emt 0:00:59]} 30. Kh2 {[%emt 0:01:09]} Rg8 {[%emt 0:00:21]} 31. Rd1 {[%emt 0:03:55]} Bf8 {[%emt 0:01:16]} 32. Qf2 {[%emt 0:00:23]} Be7 {[%emt 0:01:31]} 33. Qf3 {[%emt 0:00:05]} h5 {[%emt 0:01:14]} 34. Rdg1 {[%emt 0:00:53]} Rg7 {[%emt 0:01:52]} 35. g5 {[%emt 0:02:47]} fxg5 {[%emt 0:00:36]} 36. Bxg5 {[%emt 0:00:33]} Bxg5 {[%emt 0:03:06]} 37. Rxg5 {[%emt 0:00:05]} Rxg5 {[%emt 0:01:22]} 38. Rxg5 {[%emt 0:00:05]} Rg8 {[%emt 0:00:23]} 39. Rxh5+ {[%emt 0:00:19]} Kg7 {[%emt 0:00:02]} 40. f6+ {[%emt 0:00:34]} 1-0

[Event "XVIII Orsha IM 2020"]
[Site "Orsha"]
[Date "2020.01.22"]
[Round "7.1"]
[White "Makoveev, Ilya"]
[Black "Gogolev, Artem"]
[Result "1/2-1/2"]
[WhiteElo "2277"]
[BlackElo "2328"]
[Annotator "ChessBase"]
[PlyCount "72"]
[EventDate "2020.01.18"]
[EventType "tourn"]
[EventCountry "BLR"]
[SourceTitle "playchess.com"]
[Source "ChessBase"]
[SourceQuality "1"]
[TimeControl "5400+30"]

1. e4 {[%emt 0:00:00]} e5 {[%emt 0:07:55]} 2. Nf3 {[%emt 0:00:00]} Nc6 {[%emt 0:00:09]} 3. Bb5 {[%emt 0:00:30]} Nf6 {[%emt 0:00:08]} 4. d3 {[%emt 0:00:20]} Bc5 {[%emt 0:03:08]} 5. Bxc6 {[%emt 0:00:50]} dxc6 {[%emt 0:02:24]} 6. Nbd2 {[%emt 0:00:20]} O-O {[%emt 0:01:04]} 7. Nc4 {[%emt 0:01:00]} Nd7 {[%emt 0:02:13]} 8. Qe2 {[%emt 0:01:00]} Re8 {[%emt 0:02:03]} 9. Bd2 {[%emt 0:00:30]} Bd6 {[%emt 0:06:00]} 10. O-O-O {[%emt 0:02:31]} Nf8 {[%emt 0:07:44]} 11. h4 {[%emt 0:02:30]} b5 {[%emt 0:02:37]} 12. Ne3 {[%emt 0:00:19]} a5 {[%emt 0:06:12]} 13. h5 {[%emt 0:02:40]} a4 {[%emt 0:05:08]} 14. Nh4 {[%emt 0:05:10]} Ne6 {[%emt 0:07:04]} 15. Nef5 {[%emt 0:03:05]} Be7 {[%emt 0:05:38]} 16. Kb1 {[%emt 0:29:40]} Bg5 {[%emt 0:03:08]} 17. Bc3 {[%emt 0:02:27]} Nd4 {[%emt 0:04:46]} 18. Bxd4 {[%emt 0:03:38]} exd4 {[%emt 0:00:45]} 19. Qg4 {[%emt 0:00:29]} Qf6 {[%emt 0:01:42]} 20. Qg3 {[%emt 0:12:37]} Bxh4 {[%emt 0:03:00]} 21. Nxh4 {[%emt 0:00:37]} a3 {[%emt 0:01:16]} 22. b3 {[%emt 0:00:48]} Qd6 {[%emt 0:05:02]} 23. f4 {[%emt 0:00:22]} h6 {[%emt 0:01:55]} 24. Nf3 {[%emt 0:06:42]} Qc5 {[%emt 0:01:38]} 25. Qe1 {[%emt 0:09:18]} Bg4 {[%emt 0:01:11]} 26. Rh4 {[%emt 0:00:38]} f5 {[%emt 0:00:49]} 27. e5 {[%emt 0:04:09]} Rad8 {[%emt 0:01:41]} 28. Qd2 {[%emt 0:02:34]} Bxf3 {[%emt 0:01:00]} 29. gxf3 {[%emt 0:00:02]} Qd5 {[%emt 0:00:17]} 30. Rh3 {[%emt 0:00:11]} c5 {[%emt 0:03:19]} 31. Qa5 {[%emt 0:10:33]} Qc6 32. Qd2 {[%emt 0:00:30]} Qd5 {[%emt 0:15:04]} 33. Rg3 {[%emt 0:00:30]} c4 {[%emt 0:00:30]} 34. Rdg1 {[%emt 0:00:30]} Rd7 {[%emt 0:00:30]} 35. Qg2 {[%emt 0:00:30]} Ree7 {[%emt 0:00:30]} 36. Rg6 {[%emt 0:00:30]} Kh8 {[%emt 0:00:30]} 1/2-1/2